Top 10 des plus petits pays d'Afrique (taille & population) - Statistiques

Statistiques générales
  • Ce quiz a été pris 240 fois
  • Le résultat moyen est 17 sur 20
Statistiques - réponses
Population Pays % Correct
537,661 Cap-Vert
93%
4,033 Cap-Vert
93%
806,153 Comores
92%
1,862 Comores
92%
94,205 Seychelles
90%
452 Seychelles
90%
956,985 Djibouti
89%
23,200 Djibouti
89%
1,264,887 Île Maurice
89%
2,040 Île Maurice
89%
26,338 Rwanda
89%
187,356 Sao Tomé-et-Principe
88%
964 Sao Tomé-et-Principe
88%
27,834 Burundi
87%
1,145,970 Swaziland
87%
17,364 Swaziland
87%
11,295 Gambie
86%
1,222,442 Guinée Equatoriale
78%
1,553,822 Guinée-Bissau
74%
2,025,137 Gabon
43%
Aucun quiz correspondant
Distribution des résultats
% des personnes avec chaque résultat
Percentile par nombre de réponses
Votre historique - résultats
Vous n’avez pas pris ce quiz